000 01237cam a22003734a 4500
001 muse84067
003 MdBmJHUP
005 20210127151711.0
006 m o d
007 cr||||||||nn|n
008 191028s2020 gau o 00 0 eng d
010 _z 2019953696
020 _a9781946527592
020 _z9781946527585
020 _z9781946527608
035 _a(OCoLC)1154539514
040 _aMdBmJHUP
_cMdBmJHUP
100 1 _aAvery-Peck, Alan J.,
_eauthor.
245 1 4 _aThe Priestly Gift of Mishnah
_bA Study of Tractate Terumot /
_cAlan J. Avery-Peck.
264 1 _bScholars Press,
264 3 _bProject MUSE,
300 _a1 online resource (pages cm)
490 0 _aBrown Judaic studies;
_v20
506 0 _aOpen Access
_fUnrestricted online access
_2star
588 _aDescription based on print version record.
655 7 _aElectronic books.
_2local
710 2 _aProject Muse.
_edistributor
830 0 _aBook collections on Project MUSE.
856 4 0 _zFull text available:
_uhttps://muse.jhu.edu/book/75477/
999 _c26693
_d26693